000
00244nam a2200109Ia 4500
008
190912s9999||||xx |||||||||||||| ||und||
100
_a
White,Ron
245
0
_a
How Computers Work
260
_a
New Delhi
_b
BPB
_c
2000
300
_a
421
942
_c
BK
999
_c
7908
_d
7908